|
|
|
|
| LEADER |
00630cam a2200193 7i4500 |
| 001 |
0000028391 |
| 005 |
20130424090000.0 |
| 020 |
0 |
0 |
|a 9789834603755
|
| 090 |
0 |
0 |
|a B 639.2209595
|b IKA
|
| 245 |
0 |
0 |
|a Ikan laut Malaysia :
|b glosari nama sahih spesis ikan.
|
| 260 |
0 |
0 |
|a Kuala Lumpur:
|b Dewan Bahasa dan Pustaka,
|c 2010.
|
| 300 |
# |
# |
|a 290 p.
|
| 650 |
0 |
0 |
|a Fisheries --
|x Classification --
|z Malaysia
|
| 650 |
0 |
0 |
|a Marine fishes --
|x Classification --
|z Malaysia
|
| 651 |
0 |
0 |
|a Malaysia
|
| 700 |
1 |
0 |
|a Yusri Atan
|
| 700 |
1 |
0 |
|a Hamdan Jaafar
|
| 700 |
1 |
0 |
|a Abdul Rahman Abdul Majid
|
| 999 |
|
|
|a B000031893
|b Book
|c Malaysia
|e Business Information Centre
|